Minecraft Mobs: Happy Ghast - Statistics

General Stats
  • This quiz has been taken 9 times
  • The average score is 8 of 10
Answer Stats
Question Answer % Correct
How many health points does a happy ghast have? 20
100%
What is a happy ghast's height in blocks? 4
100%
What is a happy ghast's width in blocks? 4
100%
What block turns into a ghastling? Dried Ghast
100%
What is a baby happy ghast called? Ghastling
100%
How many minutes does it take to turn that block into a happy ghast? 20
89%
What item can be fed to speed up a baby happy ghast's growth? Snowball
89%
How many players can ride a happy ghast? 4
78%
What item can be equipped on a happy ghast? Harness
56%
What advancement do you get for placing that block in water? Stay Hydrated!
33%
No matching quizzes found
Score Distribution
Percent of People with Each Score
Percentile by Number Answered
Your Score History
You have not taken this quiz